<?xml version="1.0" encoding="UTF-8"?>
<record
    xmlns:xsi="http://www.w3.org/2001/XMLSchema-instance"
    xsi:schemaLocation="http://www.loc.gov/MARC21/slim http://www.loc.gov/standards/marcxml/schema/MARC21slim.xsd"
    xmlns="http://www.loc.gov/MARC21/slim">

  <leader>01044nam a2200253 i 4500</leader>
  <controlfield tag="001">54868</controlfield>
  <controlfield tag="003">ES-MaACL</controlfield>
  <controlfield tag="005">20250808073458.0</controlfield>
  <controlfield tag="007">t|</controlfield>
  <controlfield tag="008">960726m18861891fr           ||||1| fre d</controlfield>
  <datafield tag="100" ind1="1" ind2=" ">
    <subfield code="a">Gambetta, Leon.</subfield>
    <subfield code="9">53756</subfield>
  </datafield>
  <datafield tag="245" ind1="1" ind2="0">
    <subfield code="a">D&#xE9;p&#xEA;ches, circulaires, d&#xE9;crets, proclamations et discours de L&#xE9;on Gambetta : </subfield>
    <subfield code="b">(4 Septembre 1870-6 F&#xE9;vrier 1871) / </subfield>
    <subfield code="c">publi&#xE9;s par M. Joseph Reinach.</subfield>
  </datafield>
  <datafield tag="250" ind1=" " ind2=" ">
    <subfield code="a">Ed. d&#xE9;finitive.</subfield>
  </datafield>
  <datafield tag="260" ind1=" " ind2=" ">
    <subfield code="a">Paris : </subfield>
    <subfield code="b">G. Charpentier et Cie., </subfield>
    <subfield code="c">1886-1891 (</subfield>
    <subfield code="f">Typ. Georges Chamerot)</subfield>
  </datafield>
  <datafield tag="300" ind1=" " ind2=" ">
    <subfield code="a">2 v. (IV, 528 ; IV, 536 p.) ; </subfield>
    <subfield code="c">22 cm.</subfield>
  </datafield>
  <datafield tag="530" ind1=" " ind2=" ">
    <subfield code="a">Disponible en formato digital.</subfield>
  </datafield>
  <datafield tag="651" ind1=" " ind2="7">
    <subfield code="a">Francia-</subfield>
    <subfield code="x">Pol&#xED;tica y gobierno-</subfield>
    <subfield code="y">1848-1870</subfield>
    <subfield code="2"></subfield>
    <subfield code="9">172896</subfield>
  </datafield>
  <datafield tag="651" ind1=" " ind2="4">
    <subfield code="a">Francia-</subfield>
    <subfield code="x">Historia-</subfield>
    <subfield code="y">1848-1870.</subfield>
    <subfield code="9">141388</subfield>
  </datafield>
  <datafield tag="700" ind1="1" ind2=" ">
    <subfield code="a">Reinach, Joseph.</subfield>
    <subfield code="9">96038</subfield>
  </datafield>
  <datafield tag="852" ind1="4" ind2=" ">
    <subfield code="a">ES-MaACL</subfield>
    <subfield code="j">F-11102-03</subfield>
  </datafield>
  <datafield tag="856" ind1="4" ind2=" ">
    <subfield code="u">https://archive.org/details/dpchescirculaire01gamb </subfield>
    <subfield code="z">Internet Archive</subfield>
    <subfield code="z">(V. 1)</subfield>
  </datafield>
  <datafield tag="856" ind1=" " ind2=" ">
    <subfield code="u">https://archive.org/details/dpchescirculaire02gamb </subfield>
    <subfield code="z">Internet Archive</subfield>
    <subfield code="z">(V. 2)</subfield>
  </datafield>
  <datafield tag="999" ind1=" " ind2=" ">
    <subfield code="c">54868</subfield>
    <subfield code="d">54868</subfield>
  </datafield>
  <datafield tag="952" ind1=" " ind2=" ">
    <subfield code="0">0</subfield>
    <subfield code="1">0</subfield>
    <subfield code="4">0</subfield>
    <subfield code="7">0</subfield>
    <subfield code="8">Colecci&#xF3;n_digital</subfield>
    <subfield code="a">ATENEOM</subfield>
    <subfield code="b">ATENEOM</subfield>
    <subfield code="c">SPP2</subfield>
    <subfield code="d">2008-01-17</subfield>
    <subfield code="e">SC</subfield>
    <subfield code="l">0</subfield>
    <subfield code="o">F-11102-3</subfield>
    <subfield code="p">1057657</subfield>
    <subfield code="r">2023-02-23 00:00:00</subfield>
    <subfield code="w">2023-02-23</subfield>
    <subfield code="y">MONANT</subfield>
  </datafield>
</record>
